1089 1458 1563 1299 1252 1251 1970 1634 1267 1402 1999 1694 1131 1596 1779 1055 1173 1648 1876 1390 1879 1460 1179 1544 1785 1185 1612 1291 1618 1252 1991 1266 1821 1899 1862 1825 1932 1589 1379 1557 1078 1946 1622 1435 1124 1636 1995 1278 1816 1511 1467 1418 1620 1508 1139 1161 1808 1910 1345 1669 1031 1584 1207 1840 1040 1701 1686 1906 1125 1304 1479 1484 1574 1715 1738 1388 1688 1795 1836 1918 1986 1383 1737 1977 1703 1128 1748 1467 1005 1240 1565 1511 1602 1148 1941 1313 1685 1596 1987 BCNSPRNW ULIB Ver.6.0+V

เปลี่ยนเป็นภาษาไทย

Change to English
 แสดงรายละเอียดบรรณานุกรม
  กลับหน้าหลัก

Brief Record : Get Marc (ISO 2709) : E-mail record : QR code < ปิดหน้าต่าง
LEADER : 00000nam 2200000uu 4500
001    13399120672
003     ULIB
008    121002s2549||||th 000 0 tha d
020    ^a9749993713
050 04 ^aBF713^bพ263ท
100 0  ^aพรรณทิพย์ ศิริวรรณบุศย์
245 10 ^aทฤษฎีจิตวิทยาพัฒนาการ /^cพรรณทิพย์ ศิริวรรณบุศย์
250    ^aพิมพ์ครั้งที่ 3 (ฉบับปรับปรุง)
260    ^aกรุงเทพฯ :^bสำนักพิมพ์แห่งจุฬาลงกรณ์มหาวิทยาลัย,^c2549
300    ^a197 หน้า :^bภาพประกอบ ;^c26 ซม.
650  7 ^aจิตวิทยาพัฒนาการ
650  7 ^aพฤติกรรมมนุษย์
945    ^p150^l0^i14870
945    ^p150^l0^i14871
995    ^aวิภา
999 ^a ใช้งานได้ทุกระบบ
รายการนี้ยังไม่มีแท็ก
คุณยังไม่ได้ล็อกอิน คุณสามารถมีกิจกรรมร่วมกับเว็บไซต์ได้ แต่ต้องล็อกอินก่อน ::
  ล็อกอิน

รายการสื่อสารสนเทศ

ลำดับที่ ประเภท เลขเรียก/บาร์โค้ด สถานที่ สถานะ
1. วิทยาศาสตร์การแพทย์ และสุขภาพ
วิทยาศาสตร์การแพทย์ และสุขภาพ
BF713 พ263ท  
  Barcode: 14870
ห้องสมุดวิทยาเขตสวรรค์ประชารักษ์
►หนังสือทั่วไป
บนชั้น
2. วิทยาศาสตร์การแพทย์ และสุขภาพ
วิทยาศาสตร์การแพทย์ และสุขภาพ
BF713 พ263ท ฉ.2 
  Barcode: 14871
ห้องสมุดวิทยาเขตสวรรค์ประชารักษ์
►หนังสือทั่วไป
บนชั้น

รายการใกล้เคียง
    ผู้แต่ง [พรรณทิพย์ ศิริวรรณบุศย์]

    หัวเรื่อง [จิตวิทยาพัฒนาการ]
    หัวเรื่อง [พฤติกรรมมนุษย์]

BibComment


ยังไม่เคยถูกคอมเมนท์

คอมเมนท์ทรัพยากรรายการนี้
  คอมเมนท์: ทฤษฎีจิตวิทยาพัฒ..


 Copyright 2026. Bcnsprnw @Library